00463nam a2200169Ia 4500999001700000003000400017005001700021008004100038020001500079040000900094082001800103100003100121245005300152260003700205300000900242942004200251 c34887d34887OSt20200205150542.0190216s9999||||xx |||||||||||||| ||und|| a8121910250 coclc a342.54bMAH/C a Mahajan, Vidya Dhar91752 0aThe Constitution Of India /cVidya Dhar Mahajan bS Chand & Co,c1995.aNew Delhi: a566p cBK2ddch342.54iMAH/Ck342.54mMAH/C